| 000 | 01010nam a2200241 a 4500 | ||
|---|---|---|---|
| 001 | 26637 | ||
| 003 | CO-ViMGA | ||
| 005 | 20230915223423.0 | ||
| 008 | 141112s2004 ck r 000 u spa d | ||
| 020 | _a8489691401 | ||
| 035 | _aAHN3604 LA | ||
| 040 |
_aCO-ViMGA _bspa _cCO-ViMGA |
||
| 041 | _aspa | ||
| 082 | 0 | 4 | _a863.6 R35c |
| 245 | 1 | 0 |
_aRelatos de misterio / _cAntologadora Natalia Roa Vial ... [et al.]. |
| 260 |
_aEditorial Andres Bello, _c1998. |
||
| 300 | _a242 p. ; 19 cm. | ||
| 505 | _aCita en el dia de crisantemos / Ueda Akinari ; Historia del Comendador de toralva / Jan Potocki ; El asedio de la casa roja / John Sheridan Le Fanu ; El sueño / Iván Turgueniev ; El horla / Guy de Maupassant ; El grabado / Montegue Rhodes James ; La campanilla de la doncella / Edith Wharton ; La novela de los polvos blancos / Arthur Machen ; La muñeca / Algernon Blackwood. | ||
| 650 | 1 | 4 |
_aCuentos de terror. _91077 |
| 700 | 1 |
_aVial Roa, Natalia, ant. _93672 |
|
| 942 |
_2ddc _cBK |
||
| 949 | _an n | ||
| 999 |
_c9989 _d9989 |
||